000 00199 a2200097 4500
001 4207
100 _aHMS
245 _aHand book of line communication
260 _a
_bH.M.S
_c
090 _c3424
_d3424
942 _aNUST-CAE
_cM
_c26936
999 _c239280
_d239280